The secret of Samson's super strength / (Record no. 13823)

000 -LEADER
fixed length control field 00634nam a2200181 4500
020 ## - ISBN
ISBN 9789710094677
082 ## - DEWEY DECIMAL CLASSIFICATION NUMBER
Classification number Fil. 222.3 F5674s 2015
100 ## - MAIN ENTRY--PERSONAL NAME
Personal name Flores, Emil M.
245 ## - TITLE STATEMENT
Title The secret of Samson's super strength /
Statement of responsibility, etc. retold by Emil M. Flores ; illustrated by Paul Quiroga
260 ## - PUBLICATION, DISTRIBUTION, ETC. (IMPRINT)
Place of publication, distribution, etc. Metro Manila
Name of publisher, distributor, etc. OMF Literature Inc.
Date of publication, distribution, etc. c2015
300 ## - PHYSICAL DESCRIPTION
Extent/Page number 30 pages :
Other physical details chiefly colored illustrations ;
Dimensions 22.5 x 17 cm
490 ## - SERIES STATEMENT
Series statement Wow god!
526 ## - STUDY PROGRAM INFORMATION NOTE
PROGRAM TYPE Religion (men’s faith)
SUB-PROGRAM TYPE Bible
650 ## - SUBJECT ADDED ENTRY--TOPICAL TERM
Topical term or geographic name as entry element Bible stories, English -- Old Testament
650 ## - SUBJECT ADDED ENTRY--TOPICAL TERM
Topical term or geographic name as entry element Children's stories, Philippine (English)
650 ## - SUBJECT ADDED ENTRY--TOPICAL TERM
Topical term or geographic name as entry element Children's stories, Tagalog
942 ## - ADDED ENTRY ELEMENTS
Classification
Item type Book
Holdings
Withdrawn status Lost status Source of classification or shelving scheme Damaged status Not for loan Collection code Permanent Location Current Location Shelving location Date acquired Source of acquisition Cost, normal purchase price Full call number Barcode Date last seen Cost, replacement price Price effective from Item type
          Filipiniana Grade School Library Grade School Library Filipiniana 2026-02-04 MIBF 150.00 Fil. 222.3 F5674t 2015 GS5741 2026-02-04 300.00 2026-02-04 Book